| 000 | 00462nam a22001937a 4500 | ||
|---|---|---|---|
| 003 | OSt | ||
| 005 | 20180116183009.0 | ||
| 008 | 150831b xxu||||| |||| 00| 0 eng d | ||
| 020 | _a0821715356 | ||
| 040 | _c0 | ||
| 082 | _2813.54 SHE 1985 | ||
| 100 | _aStephen Sheppard | ||
| 245 |
_aMonte Carlo _cStephen Sheppard |
||
| 260 |
_aUSA _bZebra Books _c1985 |
||
| 300 |
_a543 p. _bPB |
||
| 440 | _aMonte Carlo | ||
| 600 | _aStephen Sheppard | ||
| 942 |
_2ddc _cBK |
||
| 999 |
_c350187 _d350187 |
||